00671nam a2200181 a 450000100100000000500170001000800410002704000250006808200190009310000250011224500640013725000110020126000490021230000210026150400730028295201170035599900170047200004287220201002040449.0140211s1976 dr 000 0 spa d aDO-SdBNPbspacBNPHU axxxxxxbxxxxxx1 aMiolan, Angel91004710aTurismo :bnuestra industria sin chimeneas /cAngel Miolan. a2a ed. aSanto Domingo :bLetras de quisqueya,c1976. a263 p. ;c21 cm. aIncluye referencias bibliográficas y notas al pie de las páginas 0010718PDaGRbGRcHDd2014-02-11iLF1l0oxxxxxx xxxxxxp42872-10r2020-06-25w2020-06-25yLFPDZNo se presta c42361d42361